| 000 | 00554nam a22001937a 4500 | ||
|---|---|---|---|
| 003 | OSt | ||
| 005 | 20260417020003.0 | ||
| 008 | 151023b xxu||||| |||| 00| 0 eng d | ||
| 020 | _a9780443067617 | ||
| 040 | _cDNLM | ||
| 082 | _aQS17 D782p 2007 | ||
| 100 |
_aDrake, Richard L.; Vogel A. Wayne; Mitchell, Adam W.M. _95896 |
||
| 245 | _aDorland's Gray's pocket atlas of anatomy | ||
| 260 |
_aPhiladelphia; _bChurchill, _c2008 |
||
| 300 |
_aix,588p; _bcol.ill: _c19cm |
||
| 504 | _aIndex included | ||
| 650 |
_aAnatomy Atlas _94546 |
||
| 942 |
_2z _cO_SHELF _01 |
||
| 999 |
_c2352 _d2352 |
||